Stanovenie optimálnych podmienok znižovania aflatoxínu M1 v modelových sústavách

Salvato in:
Dettagli Bibliografici
Autore principale: Abrahamovská, Daniela (Autore)
Altri autori: Kolarič, Lukáš (Relatore della tesi)
Natura: Manoscritto Libro
Lingua:slovacco
Pubblicazione: 2024
Soggetti:
Accesso online:http://is.stuba.sk/zp/portal_zp.pl?podrobnosti=177019
Tags: Aggiungi Tag
Nessun Tag, puoi essere il primo ad aggiungerne!!

MARC

LEADER 00000ntm a22000003a 4500
001 stuzp99182
003 SK-STU
005 20240601210513.3
007 ta
008 150427s2015----xo-----f-mn---000-0-slo-d
040 |a STU  |b slo 
041 0 |a slo 
100 1 |a Abrahamovská, Daniela  |u 040250  |4 aut  |U FCHPT Ústav potravinárstva a výživy  |T FCHPT Oddelenie potravinárskej technológie  |X 97317  |U C0250  |Y 685  |7 97317 
242 0 1 |a Determination of optimal conditions for the elimination of aflatoxin M1 in model systems  |y eng 
245 1 0 |a Stanovenie optimálnych podmienok znižovania aflatoxínu M1 v modelových sústavách 
260 |c 2024 
650 4 |a β-cyklodextrín  |2 slo 
650 4 |a β-cyklodextrínový guľôčkový polymér  |2 slo 
650 4 |a HPLC  |2 slo 
650 4 |a ringerov roztok  |2 slo 
650 4 |a aflatoxín M1  |2 slo 
650 4 |a β-cyclodextrin bead polymer  |2 eng 
650 4 |a ringer solution  |2 eng 
650 4 |a β-cyclodextrin  |2 eng 
650 4 |a aflatoxin M1  |2 eng 
650 4 |a HPLC  |2 eng 
700 1 |a Kolarič, Lukáš  |u 040250  |k Z1  |4 ths  |U FCHPT Ústav potravinárstva a výživy  |T FCHPT Oddelenie potravinárskej technológie  |X 63720  |U C0250  |Y 685  |7 63720 
856 4 |u http://is.stuba.sk/zp/portal_zp.pl?podrobnosti=177019